000 00533nam a22001937a 4500
003 GBCCL
005 20260121140750.0
008 260121b |||||||| |||| 00| 0 eng d
020 _a9781535187169
020 _a1535187166
040 _cGBC
082 _a269.2
_bCOL 1
100 _aCole,Collin A.
245 _aEvangelism made simple /
_cCollin A. Cole
260 _a[Kingston], Kingston,
_b[publisher not identified] University Printers,
_c1993
300 _a47P. ;
650 _a Evangelism
_zJamaica
942 _2ddc
_cBK
_n0
999 _c11130
_d11130